| 000 | 01180nam0a22002771 4500 | ||
|---|---|---|---|
| 001 | rc\3018472 | ||
| 005 | 20250806201320.0 | ||
| 035 | _a(NLR Aleph) 007160687 | ||
| 090 |
_a22816 _c22816 |
||
| 100 | _a20110926d1945 u y0rusy50 ca | ||
| 101 | 0 | _arus | |
| 102 | _aRU | ||
| 105 | _ay z ||||| | ||
| 200 | 1 |
_aИнструкция по сушке семенного зерна в колхозах и совхозах _e[Утв. 1-го ноября 1945 г. ] _fНач. Сортового упр. Наркомзема Мордов. АССР Н. Исаков _gНаркомзем Мордов. АССР |
|
| 210 |
_aСаранск _cМордов. гос. изд. _d1945 _gтип. "Кр. Октябрь" |
||
| 215 |
_a10 с. _d14 см |
||
| 300 | _aТит. л., без обл. | ||
| 700 | 1 |
_aИсаков _bН.С. _gНиколай Степанович |
|
| 712 | 0 | 1 |
_aМордовская АССР _bНародный комиссариат земледелия _4570 |
| 801 | 0 |
_aRU _bNLR _gpsbo |
|
| 801 | 1 |
_aRU _bELAR _2rusmarc |
|
| 852 |
_aNLR _bС _j30 Г-2/120 |
||
| 942 | _cBOOK | ||
| 945 | _aРоссийская национальная библиотека | ||
| 980 | _aNB | ||
| 980 | _aBV | ||